| 000 | 01110nam a22003377a 4500 | ||
|---|---|---|---|
| 003 | CHAP | ||
| 005 | 20220329134027.0 | ||
| 008 | 971013s1932 r 00010 d | ||
| 010 | _a14298 | ||
| 011 | _a15270 | ||
| 035 | _a19345 | ||
| 040 | _cCHAP | ||
| 082 |
_a631.7 _bB4 |
||
| 100 | 0 | 0 |
_aBenassini V., Aurelio. _911509 |
| 245 | _aEstudio hidrológico del sistema nacional de riego No. 4 | ||
| 260 |
_aMéxico, D. F. : _bComisión Nacional de Irrigación, _c1932 |
||
| 300 | _as.p. | ||
| 590 |
_aBATCH-UPD _b10 _c20130110 _lUCH01 _h0137 |
||
| 590 |
_aBATCH-UPD _b10 _c20130110 _lUCH01 _h2142 |
||
| 590 |
_aBATCH-UPD _b10 _c20130409 _lUCH01 _h2134 |
||
| 590 |
_aBATCH-UPD _b10 _c20130410 _lUCH01 _h1451 |
||
| 590 |
_aBATCH-UPD _b10 _c20130914 _lUCH01 _h0602 |
||
| 590 |
_aCONVERSION _b10 _c20130109 _lUCH01 _h1309 |
||
| 650 | 1 | 4 |
_aIrrigación _xCoahuila. _960387 |
| 650 | 1 | 4 |
_aIrrigación _xNuevo León. _960438 |
| 650 | 1 | 4 |
_aIrrigación _xTamaulipas. _960487 |
| 650 | 1 | 4 |
_aRío Salado, Coah. y N.L. _999138 |
| 901 | _aBK | ||
| 942 | _cLIBRO | ||
| 949 |
_a631.7 B4 _bBC _cLIBRO _d33724000165635 _eLIBRO _h21810 _i19345 _si |
||
| 999 |
_c14298 _d14298 |
||